000 00424nam a2200181Ia 4500
001 1583
005 20260306143739.0
008 260306t2010||||xx |||||||||||||| ||spa||
041 _aESP
082 _a152.4
_bR733
100 _aReeve, Johnmarshall
_eAUT
245 0 _aMotivación y emoción
260 _c2010
300 _axviii, 416 páginas :
_c27 cm.
650 _aGEN
654 _aCPS
942 _cLIB
_dJUS
_fJUS
_2ddc
_n
999 _c1583
_d1583